000 02795cam a22005414i 4500
003 PE-LiUPU
005 20250731183335.0
008 140619s2011 ck a rb 001 spa d
020 _a9789588675367
035 _a(Sirsi) i9789588675367
035 _a(Sirsi) 52214
035 _a(Sirsi) 52214
040 _aPE-LiUPU
_bspa
_cPE-LiUPU
_erda
049 _aPRUA
082 0 4 _a720.07
_bD71
082 0 4 _a720.07
_bD75 2011
100 1 _aDiez, Gloria,
_eautor.
245 1 0 _aNociones prácticas de diseño estructura :
_bpara sistemas isostáticos en arquitectura /
_cGloria Diez.
250 _aPrimera edición.
264 1 _aBogotá :
_bEdiciones de la U,
_c2011.
300 _a382 páginas :
_bilustraciones ;
_c24 centímetros.
336 _atext
_btxt
_2rdacontent
337 _aunmediated
_bn
_2rdamedia
338 _avolume
_bnc
_2rdacarrier
504 _aIncluye bibliografía.
505 0 _aAcciones sobre las construcciones - Análisis de cargas -- Estática gráfica y analítica -- Reacciones de vínculo -- Características geométricas de la sección -- Determinación de esfuerzos -- Resistencia de materiales - Estrados básicos de tensión --Elementos lineales simples sometidos a solicitación axil -- Elementos lineales simples sometidos a solicitación flexión -- Dimencionado de elementos simples a solicitación axial - Tensores - Puntales -- Dimencionado de elementos solicitados a flexión plana - vigas -- pórticos -- Dimensionado a flexión compuesta -- Dimencionado a flexión oblicua -- Verificación de la deformación en flexión.
526 _aP158
526 _aP146
526 _aP17
526 _aP12
526 _aP06
650 1 4 _aArquitectura
_xEnseñanza.
650 1 4 _aDiseño de estructuras.
_9156
650 1 4 _aResistencia de materiales.
_91807
700 1 _aGutierrez M. Adriana,
_ecoordinación editorial.
859 _q69721
910 _agl
_clch
_d20131217
910 _btqv
_cwelc
_d20170905
942 _2ddc
_cBOOK
949 _i69721
_lCCODEBUL1
_mBUL
_tLIBRO
_o.STAFF. Colección General
949 _a720.07 D75 2011
_wDEWEY
_c1
_iFJ08704
_lCCODEBUJ1
_mBUJ
_p29.00
_r0
_sY
_tBOOK
_u2017-09-05
_xINGENIERIA
_PP25
_0COMPRA
_o.STAFF. Colección General Juliaca
994 _aC0
_bPEPRU
596 _a1 3
999 _a720.07 D71
_wDEWEY
_c6106
_i69721
_d6106
_e2015-8-12
_f2021-11-9
_g7
_lCCODEBUL1
_mBUL
_n1
_p34.00
_q1
_r0
_sY
_tBOOK
_u2015-7-6
_xINGENIERIA
_PP06
_0COMPRA
_o.STAFF. Colección General
999 _a720.07 D75 2011
_wDEWEY
_c1
_iFJ08704
_f2022-2-1
_g3
_lCCODEBUJ1
_mBUJ
_p29.00
_r0
_sY
_tBOOK
_u2017-9-5
_xINGENIERIA
_PP25
_0COMPRA
_o.STAFF. Colección General Juliaca
980 _81
_gALBERTO SANCHEZ Responsable de Automatización